00829cam a22002654a 4500001001000000003000600010005001700016008004100033010001500074020003100089020002800120035003900148040003900187050001000226082001000236100001600246245010100262260004300363300002000406504005500426650002800481650002600509650001200535650001600547157022946OCoLC20210224151927.0070718s2008 cau 000 0 eng  a2007029537 a9780830745630 (hard cover) a0830745637 (hard cover) a(OCoLC)157022946z(OCoLC)226111795 aDLCcDLCdBAKERdBTCTAdYDXCPdTLE bC772B bC772B1 aCooke, Phil10aBranding faith :bwhy some churches and nonprofits impact culture and others don't /cPhil Cooke aVentura, Calif. :bRegal Books,cc2008 a236 p. ;c21 cm aIncludes bibliographical references (p. [234]-236) 0aChristianityxInfluence 0aCivilization, Western 0aCulture 0aChurch work